Extended atmospheres and circumstellar matter in spectroscopic binary systems (Record no. 4349)

MARC details
000 -LEADER
fixed length control field 00955nam a2200241Ia 4500
003 - CONTROL NUMBER IDENTIFIER
control field IN-BaIIA
008 - FIXED-LENGTH DATA ELEMENTS--GENERAL INFORMATION
fixed length control field 211028s9999 xx 000 0 eng d
020 ## - INTERNATIONAL STANDARD BOOK NUMBER
International Standard Book Number 90-277-0351-5
040 ## - CATALOGING SOURCE
Transcribing agency IIA Library
080 ## - UNIVERSAL DECIMAL CLASSIFICATION NUMBER
Universal Decimal Classification number 082.2:52
Item number IAU-S51
110 ## - MAIN ENTRY--CORPORATE NAME
Corporate name or jurisdiction name as entry element Intenational Astronomical Union
9 (RLIN) 7632
111 ## - MAIN ENTRY--MEETING NAME
Meeting name or jurisdiction name as entry element Intenational Astronomical Union Symposium
Number of part/section/meeting 51th
Location of meeting Parksville, Canada
Date of meeting or treaty signing 1972 Oct. 6-12
9 (RLIN) 7633
245 #0 - TITLE STATEMENT
Title Extended atmospheres and circumstellar matter in spectroscopic binary systems
Remainder of title proceedings of the IAU Symposium No.51, held at Parksville, Canada on September, 06-12, 1972
Statement of responsibility, etc. edited by A. H. Batten
260 ## - PUBLICATION, DISTRIBUTION, ETC.
Place of publication, distribution, etc. Dordrecht
Name of publisher, distributor, etc. D. Reidel Publishing
Date of publication, distribution, etc. 1973
300 ## - PHYSICAL DESCRIPTION
Extent xiv, 291p.
490 ## - SERIES STATEMENT
Series statement IAU Symposium; no. 51
650 ## - SUBJECT ADDED ENTRY--TOPICAL TERM
Topical term or geographic name entry element Astronomy and Astrophysics Thesaurus
650 ## - SUBJECT ADDED ENTRY--TOPICAL TERM
Topical term or geographic name entry element binary stars
9 (RLIN) 1185
650 ## - SUBJECT ADDED ENTRY--TOPICAL TERM
Topical term or geographic name entry element Circumstellar matter
9 (RLIN) 1297
700 ## - ADDED ENTRY--PERSONAL NAME
Personal name Batten, A. H., ed.
9 (RLIN) 7634
710 ## - ADDED ENTRY--CORPORATE NAME
Corporate name or jurisdiction name as entry element Intenational Astronomical Union
9 (RLIN) 7632
942 ## - ADDED ENTRY ELEMENTS (KOHA)
Koha item type Books
Holdings
Withdrawn status Lost status Damaged status Not for loan Home library Current library Shelving location Date acquired Total Checkouts Full call number Barcode Date last seen Price effective from Koha item type Purchase Price
        IIA Library-Bangalore IIA Library-Bangalore General Stacks 29/01/1974   082.2:52/ IAU-S51 4855 05/11/2021 29/01/1974 Books Free

Powered by Koha